| 000 | 00564nam a2200205 a 4500 | ||
|---|---|---|---|
| 005 | 20140310183451.0 | ||
| 008 | 090107s19uu xx 00 eng d | ||
| 020 | _a9780070137868 | ||
| 050 |
_aHF 5718 _b.K26 2007 |
||
| 100 | _aKehoe, Daniel | ||
| 245 |
_aEffective communication / _cDaniel Kehoe |
||
| 260 |
_aAustralia : _bMcGraw-Hill, _c2007. |
||
| 300 |
_a51 p. : _bill. col. ; _c20 cm. |
||
| 521 | _aBSBA | ||
| 650 | _aBSBA. | ||
| 650 | _aBusiness communication. | ||
| 650 | _aCommunication in management. | ||
| 942 |
_cBK _2lcc _kFOR |
||
| 999 |
_c23402 _d23402 |
||